MARC детайли
| 000 -Лидер |
| Контролно поле с фиксирана дължина |
nam a22 a 4500 |
| 003 - Код на организацията, давaща контролен номер |
| Контролно поле |
BLK |
| 005 - Дата и час на последна редакция |
| Контролно поле |
20230515135730.0 |
| 008 - Елементи от данни с фиксирана дължина |
| fixed length control field |
180409b bul|||||r ||||||| ||bul|| |
| 010 ## - Наследен системен номер |
| LC control number |
KNG00146451000 |
| 040 ## - Източник на каталожния запис |
| Идентификатор на билиотеката - собственик на записа |
BLK |
| 041 ## - Код за език |
| Код за езика на текст/звукозапис или на отделно заглавие |
Български |
| Код за езика КДБФ |
Български |
| 072 #7 - Код за тематичната категория |
| Код организация |
bullib |
| Код за тематична категория |
К |
| Текст |
Краезнание |
| 080 ## - УДК |
| Текстов определител УДК |
Националноосвободителното движение в България (1856-1877) |
| УДК код - определител по УДК |
94(497.2)"1856/1877" |
| УДК определител |
(092) |
| УДК - код + определител |
94(497.2)"1856/1877"(092) |
| 080 ## - УДК |
| Текстов определител УДК |
Стефан Тодоров Димов. Български национален герой, революционер от българското национално-освободително движение и войвода (1840-1868) |
| УДК код - определител по УДК |
929 Стефан Караджа |
| УДК - код + определител |
929 Стефан Караджа |
| 100 1# - Редна дума - Автор |
| Автор |
Панчаров, Христо Борисов, 1926- |
| Авторска отговорност |
първи автор |
| R(LIN) |
106422 |
| 139 ## - Редно поле |
| Редна дума |
Панчаров, Христо |
| Авторски знак |
Сте - С 75 |
| 245 10 - Сведения за заглавието |
| Заглавие |
Стефан Караджата |
| Подзаглавни данни |
Биогр. очерк |
| Редно поле (дума) |
Христо Панчаров. |
| 257 ## - Страна на издаване |
| Страна на създаване/издаване |
България |
| 260 ## - Област на издателските данни |
| Име на издателя, разпространителя и проч. |
БКП |
| Година на издаване |
1956 |
| Място на издаване, разпространение и проч. |
София |
| 300 ## - Физическа характеристика |
| Страници |
28 с. |
| Размери/Мащаб |
19 см |
| 380 ## - Жанр |
| Жанр |
История |
| 490 ## - СЕРИИ (Колекции) |
| Име на серия |
Библиотека Революционни борци |
| 9 (RLIN) |
205036 |
| 500 ## - Общи забележки |
| Забележка |
4 000 тир. |
| 600 14 - Име на лице, използвано като предмет |
| За него / За нея |
Стефан Караджа |
| 9 (RLIN) |
278810 |
| 650 #4 - Допълнително описание по предмет – тема |
| Основно описание – тема или топоним |
Стефан Караджа |
| 9 (RLIN) |
278810 |
| 650 #4 - Допълнително описание по предмет – тема |
| Основно описание – тема или топоним |
Националноосвободително движение - България - дейци |
| 9 (RLIN) |
243361 |
| 650 #4 - Допълнително описание по предмет – тема |
| Основно описание – тема или топоним |
Революционери, български |
| 9 (RLIN) |
252105 |
| 651 #4 - Допълнително описание по предмет - топоним |
| Географско понятие |
България |
| 9 (RLIN) |
241624 |
| 653 ## - Ключова дума – ненормативна |
| Ключова дума |
българска история |
| 653 ## - Ключова дума – ненормативна |
| Ключова дума |
националноосвободителни движения |
| 653 ## - Ключова дума – ненормативна |
| Ключова дума |
Стефан Караджа |
| 653 ## - Ключова дума – ненормативна |
| Ключова дума |
революционери |
| 659 ## - Тематичен бюлетин |
| Тематичен бюлетин |
К |
| 852 ## - Местоположение |
| Форматна сигнатура |
Цб 3639 |
| 852 ## - Местоположение |
| Форматна сигнатура |
К 94(497.2)"1856/1877"(092)/С 75 К |
| 856 4# - Електронен адрес и достъп |
| Електронен формат |
pdf - файл |
| Инструкция (цена за достъп) |
0.00 |
| Права за достъп |
disable |
| 856 4# - Електронен адрес и достъп |
| Електронен формат |
pdf - файл |
| Инструкция (цена за достъп) |
0.00 |
| Права за достъп |
Достъп само през служебен интерфейс |
| Име на файл |
Стефан Караджата |
| Път до файла /url/ |
http://185.138.176.146:18082/cgi-bin/koha/opac-retrieve-file.pl?id=46c5762624fcb4f959d94b2fcc2fdf44 |
| Допълнителна информация (Корица, съдържание, пълен текст, звуков файл, HTML файл) |
Електронна книга |
| Информация за съдържанието |
Стефан Караджата |
| 999 ## - СИСТЕМНИ КОНТРОЛНИ НОМЕРА |
| Koha biblionumber |
140390 |
| Koha biblioitemnumber |
140390 |
| 942 ## - АРТИКУЛИ |
| Вид на библиотечния материал |
Книги |
| Скрит в OPAC |
Не |
| Периодичен библиозапис |
Да |
| 944 ## - СЪЗДАВАНЕ И РЕДАКЦИЯ на ЗАПИСА |
| Създаване/Редакция |
Създаване |
| Дата на регистрацията/редакция |
18.07.2013 |
| Статус, дата на статуса |
18.07.2013 - от С1,Р / 18.07.2013 |
| Служител, извършил регистрацията/редакцията |
Валя_Йорданова |
| 944 ## - СЪЗДАВАНЕ И РЕДАКЦИЯ на ЗАПИСА |
| Създаване/Редакция |
Редакция |
| Дата на регистрацията/редакция |
18.07.2013 |
| Статус, дата на статуса |
18.07.2013 - от С1,Р / 18.07.2013 |
| 999 ## - СИСТЕМНИ КОНТРОЛНИ НОМЕРА |
| Koha biblioitemnumber |
140390 |
| 999 ## - СИСТЕМНИ КОНТРОЛНИ НОМЕРА |
| Koha biblioitemnumber |
140390 |
| 999 ## - СИСТЕМНИ КОНТРОЛНИ НОМЕРА |
| Koha biblioitemnumber |
140390 |